Algebra
Guardat en:
| Autors principals: | , |
|---|---|
| Format: | Llibre |
| Idioma: | espanyol |
| Publicat: |
Ciudad de México
Prentice-Hall Hispanoamericana
1989
|
| Matèries: | |
| Etiquetes: |
Afegir etiqueta
Sense etiquetes, Sigues el primer a etiquetar aquest registre!
|
MARC
| LEADER | 00000nam a2200000 a 4500 | ||
|---|---|---|---|
| 001 | UCR7122 | ||
| 003 | CL-VaPUC | ||
| 008 | 980514e19890000MX |||||||||||||||||spa|d | ||
| 082 | 0 | 4 | |a 512 |b SOB |2 21 |
| 100 | 0 | |a Sobel, Max A |e author |9 408409 | |
| 700 | 0 | |a Lerner, Norbert |e author |9 408410 | |
| 245 | 1 | 0 | |a Algebra |
| 300 | |a 639 p | ||
| 942 | |c BK | ||
| 945 | |d 19980514 00:00:00 |a rbrito | ||
| 260 | |a Ciudad de México |b Prentice-Hall Hispanoamericana |c 1989 | ||
| 650 | 0 | |a Álgebra |9 259567 | |
| 650 | 7 | |a CONJUNTOS MATEMATICOS |2 CL-VaPUC |9 408411 | |
| 650 | 0 | |a Ecuaciones lineales |9 342219 | |
| 650 | 0 | |a Sistemas lineales |9 384816 | |
| 650 | 0 | |a Matrices |9 22 | |
| 650 | 7 | |a DETERMINANTES |2 CL-VaPUC |9 408412 | |
| 650 | 0 | |a Sucesiones |9 393435 | |
| 650 | 0 | |a Series de Fourier |9 260465 | |
| 583 | |a last modification |c 19980514 00:00:00 |k Rodrigo Vera | ||
| 999 | |c 268944 |d 268942 | ||
| 952 | |0 0 |1 0 |4 0 |6 512_000000000000000_SOB_1989 |7 0 |8 A |9 302453 |a BIBMAT |b BIBMAT |d 2019-11-20 |i 3422216 |o 512 SOB 1989 |p 3422216 |r 2025-01-07 |w 2019-11-20 |y BK |k MAT | ||